| 000 | 00939nam a22002897a 4500 | ||
|---|---|---|---|
| 001 | 9661 | ||
| 003 | FISKH | ||
| 005 | 20260128131238.0 | ||
| 008 | 260128b cb ||||| |||| 00| 0 eng d | ||
| 020 | _a9780462005034 | ||
| 040 |
_aFISKH _beng _cFISKH _dFISKH |
||
| 050 | _aPZ7 | ||
| 082 | _a591.7 | ||
| 100 |
_aHucknall, Vaughn _eAuthor |
||
| 245 |
_aPlaces where animals live / _cWritten by Vaughn Hucknall |
||
| 260 |
_aSingapore : _bMarshall Cavendish International , _c2008 |
||
| 300 |
_a16 pages : _bphotographs ; _c19 cm |
||
| 490 |
_aMy pals are here : _v10d |
||
| 505 | _aC | ||
| 520 | _aSome animals live where there is water. Some animals live high up. They live in mountains or in bush. Some animals live where the land is flat. | ||
| 521 | 8 |
_a100
_bLexile estimate |
|
| 521 | 8 |
_aC
_bRaz-Plus |
|
| 650 |
_aMy pals are here _vAnimals |
||
| 650 |
_aHow they live _vPlaces |
||
| 942 |
_2ddc _cBK _n0 |
||
| 999 |
_c9661 _d9661 |
||